| 000 | 00779cam a2200217 4500 | ||
|---|---|---|---|
| 001 | WB3732-28 | ||
| 008 | 010823n2001 000 0 eng u | ||
| 035 | _a(Sirsi) u114317 | ||
| 245 | _aGrant rates for social landlords | ||
| 260 | _c2001 | ||
| 490 |
_aDTLR News Release _v(366) 21 August 2001, (3) |
||
| 520 | _aThe average grant rate for new housing developments by Registered Social Landlords (RSLs) will increase from 60% in 2001 to 68% in 2002/03. The target number of homes RSLs will offer for low-cost home ownership has also been increased by 1,000. | ||
| 590 | _aWB | ||
| 650 | _aHOUSING DEVELOPMENTS | ||
| 650 | _aRSLS | ||
| 650 |
_aAffordable housing _96215 |
||
| 650 | _aTARGETS | ||
| 650 | _aGRANTS | ||
| 690 |
_aAffordable housing _96215 |
||
| 942 | _n0 | ||
| 999 |
_c68077 _d68077 |
||